000 00788nam a22002657a 4500
001 BR6100235
003 BR-BrBNA
005 20230928083357.0
007 ta
008 230509b bl.||||| |||| 00| 0 por d
040 _aBR-BrBNA
_bpor
_cBiblioteca Nacional de Agricultura
041 _a(Por)
072 _aF10
_b/G514
090 _ F10 BR6100235
100 1 _aLima Junior, H.M.
110 1 _aSecretaria de Planejamento, Sao Luis, MA (Brasil)
_99050
245 1 _aDados climatologicos das estacoes meteorologicas do Maranhao, series: 1912-1942 e 1931-1960 [Brasil]
260 3 _aSao Luis, MA (Brasil):
_c[nd].
300 _a93 p.
500 _aPublished 1960?; Numerical data
650 _aCLIMA
650 _aMARANHAO
909 _a202309
_bLucia
_c55
_dLucia Elande
942 _cBK
999 _c13126
_d13126